Countries Containing A (tough version) - Statistics

General Stats
  • This quiz has been taken 148 times
  • The average score is 141 of 165
Answer Stats
Country % Correct
Australia
98%
Argentina
96%
Canada
96%
China
96%
India
96%
Japan
96%
Russia
96%
South Africa
96%
United States
96%
Afghanistan
94%
Latvia
94%
Lithuania
94%
Algeria
93%
Angola
93%
Azerbaijan
93%
Guinea
93%
Indonesia
93%
Iran
93%
Iraq
93%
Paraguay
93%
Slovakia
93%
Spain
93%
Uruguay
93%
Armenia
92%
Austria
92%
Cuba
92%
Finland
92%
Italy
92%
Madagascar
92%
Brazil
91%
Croatia
91%
France
91%
Iceland
91%
Mali
91%
South Korea
91%
Tunisia
91%
Turkmenistan
91%
Venezuela
91%
Albania
90%
Bolivia
90%
Chad
90%
Colombia
90%
Germany
90%
Hungary
90%
Ireland
90%
Israel
90%
Malta
90%
New Zealand
90%
Nicaragua
90%
North Korea
90%
Pakistan
90%
Thailand
90%
Vatican City
90%
Zambia
90%
Zimbabwe
90%
Andorra
89%
Costa Rica
89%
Denmark
89%
Dominica
89%
Ghana
89%
Honduras
89%
Malawi
89%
Mongolia
89%
Romania
89%
Rwanda
89%
Slovenia
89%
Vietnam
89%
Bahamas
88%
Estonia
88%
Guinea-Bissau
88%
Jamaica
88%
Jordan
88%
Macedonia
88%
Maldives
88%
Monaco
88%
Norway
88%
Panama
88%
Switzerland
88%
Libya
87%
Malaysia
87%
Netherlands
87%
Portugal
87%
Uzbekistan
87%
Bahrain
86%
Bangladesh
86%
Barbados
86%
Bulgaria
86%
Dominican Republic
86%
Equatorial Guinea
86%
Eritrea
86%
Gambia
86%
Haiti
86%
Laos
86%
Mauritania
86%
Mauritius
86%
Namibia
86%
Oman
86%
Somalia
86%
Tajikistan
86%
Uganda
86%
Bhutan
84%
Cambodia
84%
El Salvador
84%
Ethiopia
84%
Kenya
84%
Nauru
84%
Palau
84%
Poland
84%
Sudan
84%
Suriname
84%
Tanzania
84%
United Arab Emirates
84%
Burkina Faso
83%
Ecuador
83%
Nepal
83%
Nigeria
83%
Papua New Guinea
83%
Qatar
83%
Saudi Arabia
83%
Ukraine
83%
Antigua and Barbuda
82%
Belarus
82%
Guatemala
82%
Guyana
82%
Kazakhstan
82%
Liberia
82%
Serbia
82%
South Sudan
82%
Sri Lanka
82%
Taiwan
82%
Cape Verde
81%
Gabon
81%
Singapore
81%
Syria
81%
Vanuatu
81%
Botswana
80%
Kiribati
80%
Kuwait
80%
Mozambique
80%
San Marino
80%
Senegal
80%
Tuvalu
80%
Cameroon
79%
Marshall Islands
79%
Swaziland
79%
Tonga
79%
Bosnia and Herzegovina
78%
Central African Republic
78%
Kyrgyzstan
78%
Lebanon
78%
Moldova
78%
Samoa
78%
Burma
76%
East Timor
76%
Sierra Leone
76%
Georgia
73%
Grenada
73%
Saint Lucia
73%
Solomon Islands
73%
São Tomé and Príncipe
72%
Trinidad and Tobago
71%
Federated States of Micronesia
70%
Saint Kitts and Nevis
69%
Saint Vincent and the Grenadines
53%
Democratic Republic of the Congo
43%
No matching quizzes found
Score Distribution
Percent of People with Each Score
Percentile by Number Answered
Your Score History
You have not taken this quiz